Dictionary of media and journalism : (Record no. 63680)

MARC details
000 -LEADER
fixed length control field 00450nam a22001457a 4500
005 - DATE AND TIME OF LATEST TRANSACTION
control field 20181218122427.0
020 ## - INTERNATIONAL STANDARD BOOK NUMBER
International Standard Book Number 8188237132
Terms of availability 155.00
035 ## - SYSTEM CONTROL NUMBER
System control number B-122141, B-122140, B-122143
037 ## - SOURCE OF ACQUISITION
Stock number DPL
Source of stock number/acquisition ENG
245 ## - TITLE STATEMENT
Title Dictionary of media and journalism :
Remainder of title TV, Radio, Print and internet /
260 ## - PUBLICATION, DISTRIBUTION, ETC. (IMPRINT)
Place of publication, distribution, etc New Delhi
Name of publisher, distributor, etc I.K. International Pvt Ltd.
Date of publication, distribution, etc 2004
300 ## - PHYSICAL DESCRIPTION
Extent xiii, 331p.
Dimensions 18 cms.
942 ## - ADDED ENTRY ELEMENTS (KOHA)
Source of classification or shelving scheme Dewey Decimal Classification
Item type English Books
Classification part 070.403
Call number suffix DIC
Holdings
Withdrawn status Lost status Not for loan Collection code Home library Current library Date acquired Cost, normal purchase price Full call number Barcode Cost, replacement price Koha item type Source of acquisition
      Non-fiction Patel Nagar Patel Nagar 01/08/2018   070.403 DIC B-122140 155.00 English Books BPPD/PUB
      Non-fiction Sarojini Nagar Sarojini Nagar 02/03/2012 155.00 070.403 DIC B-122141 155.00 English Books  
      Non-fiction Shahdara Branch Shahdara Branch 18/08/2018 155.00 070.403 DIC B-122143 155.00 English Books BPPD/PUB

© Delhi Public Library
Hit Counter
free hit counter